AIIMS PROTOCOLS IN NEONATALOGY 2 VOLUME SET (Record no. 23230)

MARC details
000 -LEADER
fixed length control field 00416nam a22001697a 4500
003 - CONTROL NUMBER IDENTIFIER
control field SGT
020 ## - INTERNATIONAL STANDARD BOOK NUMBER
International Standard Book Number 9788193764022
082 ## - DEWEY DECIMAL CLASSIFICATION NUMBER
Classification number 618.92
Item number A19A
100 ## - MAIN ENTRY--PERSONAL NAME
Personal name AGRAWAL, RAMESH
245 ## - TITLE STATEMENT
Title AIIMS PROTOCOLS IN NEONATALOGY 2 VOLUME SET
250 ## - EDITION STATEMENT
Edition statement 2ND
260 ## - PUBLICATION, DISTRIBUTION, ETC. (IMPRINT)
Place of publication, distribution, etc INDIA
Name of publisher, distributor, etc NOBLE VISION PUB
Year of Publication 2019
300 ## - PAGE DESCRIPTION
No. of Pages 416, 733
650 ## - SUBJECT ADDED ENTRY--TOPICAL TERM
Topical term or geographic name as entry element PEDIATRICS
653 ## - KEYWORDS--INDEX TERM
Keyword term AIIMS PROTOCOLS IN NEONATALOGY
942 ## - ADDED ENTRY ELEMENTS (KOHA)
Source of classification or shelving scheme Dewey Decimal Classification
Koha item type Books
942 ## - ADDED ENTRY ELEMENTS (KOHA)
-- 1
Holdings
Withdrawn status Lost status Source of classification or shelving scheme Damaged status Not for loan Collection code Home library Current library Shelving location Date acquired Vendor Name Cost, normal purchase price Volume Information (Serial or Books or Non-Book Material) SGTU Bill Number Total Checkouts Full call number Accession No. (Barcode) Date last seen Bill Date Koha item type Date last borrowed
    Dewey Decimal Classification     MEDICAL SGT Medical Library SGT Medical Library Text Book 02/09/2022 ABC DELHI 1500.00 VOL-1 SGTU 14699   618.92 A19A FM13067 02/09/2022 30/06/2022 Books  
    Dewey Decimal Classification     MEDICAL SGT Medical Library SGT Medical Library Text Book 02/09/2022 ABC DELHI 1500.00 VOL-1 SGTU 14699 1 618.92 A19A FM13068 03/06/2024 30/06/2022 Books 09/05/2024
    Dewey Decimal Classification     MEDICAL SGT Medical Library SGT Medical Library Text Book 02/09/2022 ABC DELHI   VOL-2 SGTU 14699   618.92 A19A FM13069 02/09/2022 30/06/2022 Books  
    Dewey Decimal Classification     MEDICAL SGT Medical Library SGT Medical Library Text Book 02/09/2022 ABC DELHI   VOL-2 SGTU 14699   618.92 A19A FM13070 02/09/2022 30/06/2022 Books